[Event "SVR-ch HT 29th"]
[Site "Koblenz"]
[Date "2006.04.08"]
[Round "2"]
[White "Lauer, Daniel"]
[Black "Zimmer, Elmar"]
[Result "0-1"]
[WhiteElo "927"]
[BlackElo "1474"]
[PlyCount "45"]
[EventDate "2006.04.08"]
[EventType "swiss"]
[EventRounds "7"]
[EventCountry "GER"]
[SourceTitle "EXT 2009"]
[Source "ChessBase"]
[SourceDate "2008.11.26"]
[SourceVersion "1"]
[SourceVersionDate "2008.11.26"]
[SourceQuality "1"]

1. e4 e5 2. Nf3 Nf6 3. Nc3 Bb4 4. d3 0-0 5. Nxe5 Re8 6. Nf3 d5 7. e5 d4 8. a3 Bxc3+ 9. bxc3 dxc3 10. Be2 Nd5 11. 0-0 Bg4 12. Re1 Nc6 13. h3 Bxf3 14. Bxf3 Nxe5 15. d4 Nxf3+ 16. gxf3 Qd7 17. Rxe8+ Rxe8 18. Qf1 Qf5 19. Qg2 Re6 20. Kf1 Rg6 21. Qh1 Qxc2 22. Be3 Qb2 23. Re1 0-1